LIBRARY & INFORMATION CENTRE, KCAET, TAVANUR

ONLINE PUBLIC ACCESS CATALOGUE (OPAC)

Basic Automobile Engineering / (Record no. 11101)

MARC details
000 -LEADER
fixed length control field 00345cam a2200133ua 4500
020 ## - INTERNATIONAL STANDARD BOOK NUMBER
ISBN 8187433221
082 ## - DEWEY DECIMAL CLASSIFICATION NUMBER
Classification number 629.2
Item number NAK/BA
100 ## - MAIN ENTRY--AUTHOR NAME
Personal name Nakra, C. P .
245 ## - TITLE STATEMENT
Title Basic Automobile Engineering /
250 ## - EDITION STATEMENT
Edition statement 3 / 7
260 ## - PUBLICATION, DISTRIBUTION, ETC. (IMPRINT)
Place of publication New Delhi :
Name of publisher Dhanpat Rai Publishing Co. Pvt. Ltd. ,
Year of publication 1985, 2005
300 ## - PHYSICAL DESCRIPTION
Number of Pages 532 ;607
942 ## - ADDED ENTRY ELEMENTS (KOHA)
Koha item type Books
Holdings
Withdrawn status Lost status Damaged status Home library Current library Date acquired Full call number Accession Number Koha item type Collection code Shelving location Source of acquisition Cost, normal purchase price
Withdrawn   Damaged KAUAET KAUAET 19/08/1986 629.2 15359 Books        
      KAUAET KAUAET 02/09/2016 629.2 NAK/BA BB 5 Book Bank scheme for SC students   Scheme Cosmo Books, Thrissur. 160.00
      KAUAET KAUAET 02/09/2016 629.2 NAK/BA BB 6 Book Bank scheme for SC students   Scheme Cosmo Books, Thrissur. 160.00
free website counter